[Event "Scarborough CC Jack Frost U1800"]
[Site "Toronto CAN"]
[Date "2012.01.26"]
[Round "4"]
[White "Xu, Jeffrey"]
[Black "Rutherdale, William"]
[Result "1-0"]
[WhiteElo "1450"]
[BlackElo "1691"]
[PlyCount "165"]
[GameId "2160767909573182"]
[EventDate "2012.01.05"]
[EventType "swiss"]
[EventRounds "6"]
[EventCountry "CAN"]
[SourceTitle "EXT 2022"]
[Source "ChessBase"]
[SourceDate "2021.10.06"]
[SourceVersion "1"]
[SourceVersionDate "2021.10.06"]
[SourceQuality "1"]

1. e4 e5 2. Nf3 Nc6 3. Bb5 a6 4. Ba4 Nf6 5. d3 b5 6. Bb3 Be7 7. O-O O-O 8. Nc3 d6 9. h3 Na5 10. Re1 Nxb3 11. axb3 Bb7 12. Bg5 Qd7 13. Qd2 c6 14. Rad1 Ne8 15. Bxe7 Qxe7 16. Qe3 f5 17. Qg5 Qf7 18. exf5 Qxf5 19. Qxf5 Rxf5 20. Ne4 Rd8 21. Ng3 Rf8 22. Ng5 Bc8 23. N3e4 Nf6 24. Nd2 Nd5 25. Nge4 Nf4 26. h4 h6 27. Re3 Nd5 28. Ree1 Rf4 29. g3 Rff8 30. Kg2 Nb4 31. Rc1 Be6 32. Re3 Nd5 33. Re2 Nb4 34. Re3 Nd5 35. Ree1 Bg4 36. f3 Be6 37. c3 Nf6 38. b4 Nxe4 39. fxe4 Rf6 40. Rf1 Rdf8 41. Rxf6 Rxf6 42. Ra1 Bc8 43. Nb3 Kf7 44. Na5 d5 45. Nb3 dxe4 46. dxe4 Rd6 47. Rf1+ Ke7 48. Nc5 Rd2+ 49. Rf2 Rxf2+ 50. Kxf2 Kd6 51. Kf3 a5 52. Nd3 axb4 53. Nxb4 Be6 54. Ke3 Bc4 55. Nc2 Bf1 56. Ne1 Kc5 57. Nf3 Kd6 58. Nd2 Bh3 59. Kf3 Bd7 60. Ke3 Bg4 61. Kd3 Be6 62. Kc2 Bf7 63. Nf1 Bg6 64. Kd3 Kc5 65. b4+ Kd6 66. Ne3 Bh7 67. c4 bxc4+ 68. Nxc4+ Ke6 69. Ne3 Bg6 70. Nc4 Bh7 71. Nd2 Bg6 72. g4 Be8 73. g5 Bf7 74. Nf1 Bg6 75. gxh6 gxh6 76. Ng3 Bh7 77. Kc4 Kd6 78. Kd3 Bg6 79. Ke3 Be8 80. Nf5+ Kc7 81. Nxh6 Kb6 82. Nf5 Kb5 83. Nd6+ 1-0

[Event "Scarborough CC Jack Frost U1800"]
[Site "Toronto CAN"]
[Date "2012.02.02"]
[Round "4"]
[White "Maister, Martin"]
[Black "Xu, Jeffrey"]
[Result "1/2-1/2"]
[WhiteElo "1718"]
[BlackElo "1450"]
[PlyCount "179"]
[GameId "2160767909573183"]
[EventDate "2012.01.05"]
[EventType "swiss"]
[EventRounds "6"]
[EventCountry "CAN"]
[SourceTitle "EXT 2022"]
[Source "ChessBase"]
[SourceDate "2021.10.06"]
[SourceVersion "1"]
[SourceVersionDate "2021.10.06"]
[SourceQuality "1"]

1. c4 Nc6 2. d4 d5 3. Nc3 e6 4. Nf3 Bb4 5. cxd5 exd5 6. g3 h6 7. Bg2 Be6 8. O-O Nge7 9. a3 Bxc3 10. bxc3 O-O 11. a4 a5 12. Ba3 Re8 13. Rb1 b6 14. Nd2 Rb8 15. e3 Qd7 16. Re1 Bh3 17. Bh1 Be6 18. Qb3 Red8 19. Rec1 f5 20. Qc2 Rbc8 21. c4 dxc4 22. Nxc4 Bd5 23. Bxd5+ Qxd5 24. Rb5 Qd7 25. Bxe7 Nxe7 26. Ne5 Qe6 27. Nc6 Nxc6 28. Qxc6 Rd6 29. Qb7 Qd7 30. Rc4 g6 31. Rb1 Qd8 32. Rbc1 c5 33. Qf3 Rdc6 34. Qf4 Kh7 35. Qe5 Qf6 36. Qxf6 Rxf6 37. dxc5 Rfc6 38. Rb1 Rxc5 39. Rxc5 Rxc5 40. Rxb6 Rc4 41. Rb7+ Kg8 42. Kg2 Rxa4 43. Rb2 Kf7 44. h4 Rc4 45. Ra2 a4 46. Kf3 Ke6 47. Ke2 Kd5 48. Kd3 Rb4 49. Kc3 Kc5 50. Rd2 Rc4+ 51. Kb2 Kb5 52. Rd6 Rc6 53. Rd8 h5 54. Rd5+ Kb4 55. Rd4+ Rc4 56. Rd6 a3+ 57. Kb1 Rg4 58. Ka2 Rc4 59. Rb6+ Ka4 60. Rxg6 Rc2+ 61. Kb1 Rxf2 62. Ra6+ Kb4 63. Rb6+ Kc3 64. Ra6 a2+ 65. Ka1 Kd3 66. Ra3+ Ke4 67. Rb3 Re2 68. Rb4+ Kxe3 69. Rb3+ Kf2 70. Rc3 Re3 71. Rc5 Rf3 72. Kxa2 Kxg3 73. Rc8 Kxh4 74. Kb2 Kg3 75. Rg8+ Kf2 76. Rh8 Rh3 77. Rf8 Rf3 78. Rh8 h4 79. Rxh4 Kg3 80. Rh8 Kf2 81. Kc2 f4 82. Kd2 Rg3 83. Rf8 f3 84. Rf6 Rg5 85. Rf7 Rd5+ 86. Kc1 Rd3 87. Kc2 Ke2 88. Rf8 f2 89. Rxf2+ Kxf2 90. Kxd3 1/2-1/2

[Event "Scarborough CC Jack Frost U1800"]
[Site "Toronto CAN"]
[Date "2012.02.02"]
[Round "5"]
[White "Aghamalian, Leonid"]
[Black "Veecock, Carl"]
[Result "0-1"]
[WhiteElo "1448"]
[BlackElo "1373"]
[PlyCount "38"]
[GameId "2160767909573184"]
[EventDate "2012.01.05"]
[EventType "swiss"]
[EventRounds "6"]
[EventCountry "CAN"]
[SourceTitle "EXT 2022"]
[Source "ChessBase"]
[SourceDate "2021.10.06"]
[SourceVersion "1"]
[SourceVersionDate "2021.10.06"]
[SourceQuality "1"]

1. e4 c6 2. d4 d5 3. Nc3 dxe4 4. Nxe4 Bf5 5. Qf3 Bxe4 6. Qxe4 Nf6 7. Qd3 e6 8. Bf4 Nd5 9. Be5 Nd7 10. Nf3 Nb4 11. Qd2 Nxe5 12. dxe5 Qxd2+ 13. Kxd2 Rd8+ 14. Kc1 Bc5 15. a3 Nd5 16. c4 Nf4 17. g3 Ng6 18. Ng5 Bxf2 19. Be2 Be3+ 0-1

[Event "Scarborough CC Jack Frost U1800"]
[Site "Toronto CAN"]
[Date "2012.02.02"]
[Round "5"]
[White "Armstrong, Robert J"]
[Black "Liang, Phillip"]
[Result "0-1"]
[WhiteElo "1699"]
[BlackElo "1524"]
[PlyCount "44"]
[GameId "2160767909573185"]
[EventDate "2012.01.05"]
[EventType "swiss"]
[EventRounds "6"]
[EventCountry "CAN"]
[SourceTitle "EXT 2022"]
[Source "ChessBase"]
[SourceDate "2021.10.06"]
[SourceVersion "1"]
[SourceVersionDate "2021.10.06"]
[SourceQuality "1"]

1. g3 d5 2. Bg2 Nf6 3. c4 e6 4. Qb3 c6 5. d3 Bd6 6. Nc3 Nbd7 7. Bg5 O-O 8. Rc1 Re8 9. a3 h6 10. Bxf6 Nxf6 11. Qa4 dxc4 12. Qxc4 e5 13. b4 Be6 14. Qh4 Be7 15. Be4 a5 16. bxa5 Qxa5 17. Kd2 Nxe4+ 18. Qxe4 Bd5 19. Qg4 Bxh1 20. e4 Bxa3 21. Rc2 Rad8 22. Qd1 Bxe4 0-1

[Event "Scarborough CC Jack Frost U1800"]
[Site "Toronto CAN"]
[Date "2012.02.02"]
[Round "5"]
[White "Azizi, Hamid"]
[Black "Pishdad, Hassan"]
[Result "0-1"]
[WhiteElo "1431"]
[BlackElo "1345"]
[PlyCount "40"]
[GameId "2160767909573186"]
[EventDate "2012.01.05"]
[EventType "swiss"]
[EventRounds "6"]
[EventCountry "CAN"]
[SourceTitle "EXT 2022"]
[Source "ChessBase"]
[SourceDate "2021.10.06"]
[SourceVersion "1"]
[SourceVersionDate "2021.10.06"]
[SourceQuality "1"]

1. f4 Nf6 2. Nf3 d6 3. e3 a6 4. Nc3 Nc6 5. a3 Bg4 6. b4 e5 7. b5 axb5 8. fxe5 dxe5 9. Bxb5 e4 10. h3 Bxf3 11. gxf3 exf3 12. Qxf3 Qd6 13. a4 Be7 14. Ba3 Qe6 15. Bxc6+ bxc6 16. Bxe7 Kxe7 17. Qg3 Qd6 18. Qh4 Rhe8 19. Ne4 Qb4 20. Ng3 Qxh4 0-1

[Event "Scarborough CC Jack Frost U1800"]
[Site "Toronto CAN"]
[Date "2012.02.02"]
[Round "5"]
[White "Azmitia, Gabriel"]
[Black "Gillis, Doug"]
[Result "1-0"]
[WhiteElo "1577"]
[BlackElo "1637"]
[PlyCount "73"]
[GameId "2160767909573187"]
[EventDate "2012.01.05"]
[EventType "swiss"]
[EventRounds "6"]
[EventCountry "CAN"]
[SourceTitle "EXT 2022"]
[Source "ChessBase"]
[SourceDate "2021.10.06"]
[SourceVersion "1"]
[SourceVersionDate "2021.10.06"]
[SourceQuality "1"]

1. d4 e6 2. c4 Bb4+ 3. Bd2 Bxd2+ 4. Qxd2 Nf6 5. Nc3 d5 6. Nf3 O-O 7. e3 Qe7 8. a3 Nbd7 9. Ne5 dxc4 10. Bxc4 Nxe5 11. dxe5 Rd8 12. exf6 Qxf6 13. Qe2 b6 14. O-O Bb7 15. f3 Rd7 16. Rad1 Rad8 17. Rxd7 Rxd7 18. Rd1 Rd6 19. e4 Qe7 20. Kh1 a6 21. Bxa6 Bxa6 22. Qxa6 h6 23. Qe2 Qg5 24. h3 Rc6 25. Qf2 Qe7 26. Qd2 Rd6 27. Qe2 Rc6 28. Rd2 Qg5 29. Qd1 e5 30. Nd5 Rg6 31. Nxc7 Rc6 32. Nd5 h5 33. Nc3 h4 34. Rd7 Rg6 35. Qd2 Qg3 36. Nd5 Rc6 37. Ne7+ 1-0

[Event "Scarborough CC Jack Frost U1800"]
[Site "Toronto CAN"]
[Date "2012.02.02"]
[Round "5"]
[White "Cui, Gordon"]
[Black "Paterson, Jim"]
[Result "0-1"]
[WhiteElo "1379"]
[BlackElo "1831"]
[PlyCount "88"]
[GameId "2160767909573188"]
[EventDate "2012.01.05"]
[EventType "swiss"]
[EventRounds "6"]
[EventCountry "CAN"]
[SourceTitle "EXT 2022"]
[Source "ChessBase"]
[SourceDate "2021.10.06"]
[SourceVersion "1"]
[SourceVersionDate "2021.10.06"]
[SourceQuality "1"]

1. e4 Nf6 2. Nc3 e5 3. Nf3 d6 4. Bc4 Bg4 5. d3 Be7 6. Bg5 Nbd7 7. h3 Be6 8. Bb3 Nf8 9. Ne2 h6 10. Bh4 c6 11. Qd2 Qc7 12. g4 g5 13. Bg3 Ng6 14. h4 Bxg4 15. hxg5 Bxf3 16. gxf6 Bxh1 17. fxe7 Qxe7 18. Qe3 Qf6 19. O-O-O Bf3 20. Rg1 Bxe2 21. Qxe2 O-O-O 22. Qg4+ Kb8 23. Rh1 Qg5+ 24. Qxg5 hxg5 25. Rxh8 Nxh8 26. Kd2 f6 27. Ke3 Ng6 28. d4 Nf4 29. Bxf4 gxf4+ 30. Kd3 Kc7 31. c3 Rh8 32. Be6 Rh2 33. Ke2 b5 34. Kf3 Rh4 35. b3 c5 36. dxc5 dxc5 37. Bd5 Kd6 38. Kg2 Rg4+ 39. Kf3 Rg1 40. Ke2 f5 41. f3 fxe4 42. Bxe4 Rg2+ 43. Kd3 Rxa2 44. b4 c4# 0-1

[Event "Scarborough CC Jack Frost U1800"]
[Site "Toronto CAN"]
[Date "2012.02.02"]
[Round "5"]
[White "Li, Yinshi"]
[Black "Song, Eric"]
[Result "1/2-1/2"]
[WhiteElo "1653"]
[BlackElo "1644"]
[PlyCount "108"]
[GameId "2160767909573189"]
[EventDate "2012.01.05"]
[EventType "swiss"]
[EventRounds "6"]
[EventCountry "CAN"]
[SourceTitle "EXT 2022"]
[Source "ChessBase"]
[SourceDate "2021.10.06"]
[SourceVersion "1"]
[SourceVersionDate "2021.10.06"]
[SourceQuality "1"]

1. d4 d5 2. c4 e6 3. Nc3 Nf6 4. cxd5 exd5 5. Bg5 Be7 6. e3 h6 7. Bh4 Nc6 8. Bd3 O-O 9. Nge2 a6 10. a3 b6 11. b4 Bb7 12. O-O Qd7 13. Qc2 Rfe8 14. Rfc1 Na7 15. Na4 Nb5 16. Bxf6 Bxf6 17. Bxb5 Qxb5 18. Qxc7 Re7 19. Qc2 Rc8 20. Nac3 Qd7 21. Qd3 Ree8 22. h3 Bg5 23. Nd1 Bc6 24. Ndc3 Bb7 25. Ng3 Bc6 26. Nf1 Qd6 27. Qxa6 Bd7 28. Qe2 Bf6 29. Qf3 Be6 30. Ng3 Bg5 31. Nge2 f5 32. g3 Rf8 33. Nf4 Bxf4 34. Qxf4 Qd7 35. h4 Rfe8 36. a4 Bf7 37. a5 bxa5 38. bxa5 Bh5 39. a6 Kh7 40. Rab1 Qa7 41. Qxf5+ Bg6 42. Rb7 Qxb7 43. axb7 Bxf5 44. bxc8=Q Rxc8 45. Ne2 Ra8 46. f3 Ra2 47. Re1 Bd7 48. Nf4 Kg8 49. Re2 Ra1+ 50. Kf2 Ra6 51. Nxd5 Bb5 52. Rd2 Rd6 53. Nf4 Kf7 54. e4 Ba6 1/2-1/2

[Event "Scarborough CC Jack Frost U1800"]
[Site "Toronto CAN"]
[Date "2012.02.02"]
[Round "5"]
[White "Rutherdale, William"]
[Black "Crnilovic, Grisha"]
[Result "1-0"]
[WhiteElo "1691"]
[BlackElo "1592"]
[PlyCount "80"]
[GameId "2160767909573190"]
[EventDate "2012.01.05"]
[EventType "swiss"]
[EventRounds "6"]
[EventCountry "CAN"]
[SourceTitle "EXT 2022"]
[Source "ChessBase"]
[SourceDate "2021.10.06"]
[SourceVersion "1"]
[SourceVersionDate "2021.10.06"]
[SourceQuality "1"]

1. d4 e5 2. e3 exd4 3. exd4 d6 4. c4 Nf6 5. Nc3 Be7 6. Nf3 Bg4 7. Be2 Qd7 8. Be3 Nc6 9. d5 Bxf3 10. dxc6 Bxc6 11. Bf3 O-O 12. O-O Bxf3 13. Qxf3 c6 14. Rad1 Qc7 15. Rfe1 Rfe8 16. Rd4 Rad8 17. Red1 Bf8 18. Rh4 Qe7 19. h3 a6 20. Bg5 Qe5 21. Bxf6 Qxf6 22. Qxf6 gxf6 23. Ne4 Be7 24. Rg4+ Kh8 25. Ng3 Rg8 26. Rxg8+ Kxg8 27. Nf5 Bf8 28. Kf1 d5 29. Rd4 Re8 30. cxd5 cxd5 31. Rxd5 Re5 32. Rxe5 fxe5 33. Ke2 f6 34. Ke3 Kf7 35. Ke4 Ke6 36. f4 Bd6 37. Nxd6 Kxd6 38. fxe5+ fxe5 39. g4 b5 40. b4 Ke6 1-0

[Event "Scarborough CC Jack Frost U1800"]
[Site "Toronto CAN"]
[Date "2012.02.02"]
[Round "5"]
[White "Sharpe, Michael"]
[Black "Bellomo, Joe"]
[Result "0-1"]
[WhiteElo "1665"]
[BlackElo "1568"]
[PlyCount "82"]
[GameId "2160767909573191"]
[EventDate "2012.01.05"]
[EventType "swiss"]
[EventRounds "6"]
[EventCountry "CAN"]
[SourceTitle "EXT 2022"]
[Source "ChessBase"]
[SourceDate "2021.10.06"]
[SourceVersion "1"]
[SourceVersionDate "2021.10.06"]
[SourceQuality "1"]

1. e4 c5 2. Nf3 d6 3. d4 cxd4 4. Nxd4 Nf6 5. Nc3 a6 6. Be2 Qc7 7. O-O e6 8. Be3 Nc6 9. a4 Be7 10. Kh1 Bd7 11. Nb3 Rc8 12. a5 Ne5 13. Nd2 O-O 14. f4 Nc6 15. Nc4 Qb8 16. Nb6 Rcd8 17. g4 Bc8 18. g5 Nd7 19. Bd3 Nxb6 20. Bxb6 Rd7 21. Rf3 Nb4 22. Rh3 g6 23. Qg4 Nxd3 24. cxd3 Bd8 25. f5 exf5 26. exf5 Bxb6 27. Qh4 h5 28. gxh6 Bd8 29. h7+ Kh8 30. f6 b5 31. Ne4 Bb7 32. Rf1 Bxe4+ 33. dxe4 Qb7 34. Re3 Qc8 35. Ree1 Rc7 36. Qh6 Bxf6 37. Rxf6 Rc5 38. Ref1 Rh5 39. Qxg6 fxg6 40. Rxf8+ Qxf8 41. Rxf8+ Kxh7 0-1

[Event "Scarborough CC Jack Frost U1800"]
[Site "Toronto CAN"]
[Date "2012.02.02"]
[Round "5"]
[White "Smith, Maurice"]
[Black "Aghamalian, Derick"]
[Result "1/2-1/2"]
[WhiteElo "1475"]
[BlackElo "1643"]
[PlyCount "75"]
[GameId "2160767909573192"]
[EventDate "2012.01.05"]
[EventType "swiss"]
[EventRounds "6"]
[EventCountry "CAN"]
[SourceTitle "EXT 2022"]
[Source "ChessBase"]
[SourceDate "2021.10.06"]
[SourceVersion "1"]
[SourceVersionDate "2021.10.06"]
[SourceQuality "1"]

1. d4 Nf6 2. c4 e6 3. Nf3 d5 4. Bg5 Be7 5. Nc3 b6 6. cxd5 exd5 7. e3 Bf5 8. Be2 c6 9. O-O O-O 10. Ne5 Nfd7 11. Bxe7 Qxe7 12. Nf3 Re8 13. Rc1 Nf6 14. Ne5 c5 15. Bb5 Rc8 16. Re1 a6 17. Bf1 Nbd7 18. Nxd7 Qxd7 19. g3 Bh3 20. Bg2 Bxg2 21. Kxg2 c4 22. Qf3 Re8 23. Rcd1 Rad8 24. Qe2 Qf5 25. f3 b5 26. a3 Qg6 27. h3 Nh5 28. Qf2 f5 29. f4 Nf6 30. Kh2 Rd7 31. Qf3 Ne4 32. Nxe4 Rxe4 33. Qf2 Rde7 34. Qf3 Qe8 35. g4 fxg4 36. hxg4 Kh8 37. Rd2 Qd8 38. Rde2 1/2-1/2

[Event "Scarborough CC Jack Frost U1800"]
[Site "Toronto CAN"]
[Date "2012.02.02"]
[Round "5"]
[White "Thornton, Bill"]
[Black "Mahendran, Sujeev"]
[Result "0-1"]
[WhiteElo "1417"]
[BlackElo "1474"]
[PlyCount "88"]
[GameId "2160767909573193"]
[EventDate "2012.01.05"]
[EventType "swiss"]
[EventRounds "6"]
[EventCountry "CAN"]
[SourceTitle "EXT 2022"]
[Source "ChessBase"]
[SourceDate "2021.10.06"]
[SourceVersion "1"]
[SourceVersionDate "2021.10.06"]
[SourceQuality "1"]

1. d4 d5 2. c4 Nf6 3. Nc3 e6 4. Bf4 a6 5. Nf3 c5 6. e3 cxd4 7. exd4 Nc6 8. Bd3 Qb6 9. c5 Qd8 10. O-O Nh5 11. Bg5 Be7 12. Bxe7 Nxe7 13. Qd2 Nf6 14. b4 O-O 15. b5 axb5 16. Nxb5 Bd7 17. Nd6 Bc6 18. Qc2 g6 19. Rfb1 Qc7 20. a4 Nc8 21. Nb5 Qd8 22. Ne5 Nd7 23. f4 Nxe5 24. fxe5 b6 25. Rf1 bxc5 26. Qxc5 Bxb5 27. axb5 Nb6 28. Ra6 Nc4 29. Bxc4 dxc4 30. Qxc4 Rb8 31. Qc5 Qg5 32. Kh1 Rbc8 33. Rc6 Ra8 34. Qc2 Rfd8 35. Qc3 Ra2 36. Qf3 Rd7 37. b6 Qd8 38. Rfc1 Kg7 39. h3 Rxd4 40. Rc7 Rd7 41. Qf6+ Kh6 42. Qxd8 Rxd8 43. Rb1 Rdd2 44. b7 Rxg2 0-1

[Event "Scarborough CC Jack Frost U1800"]
[Site "Toronto CAN"]
[Date "2012.02.02"]
[Round "5"]
[White "Verde, Pino"]
[Black "Vyravanathan, Sobiga"]
[Result "1/2-1/2"]
[WhiteElo "1610"]
[BlackElo "1514"]
[PlyCount "121"]
[GameId "2160767909573194"]
[EventDate "2012.01.05"]
[EventType "swiss"]
[EventRounds "6"]
[EventCountry "CAN"]
[SourceTitle "EXT 2022"]
[Source "ChessBase"]
[SourceDate "2021.10.06"]
[SourceVersion "1"]
[SourceVersionDate "2021.10.06"]
[SourceQuality "1"]

1. d3 d5 2. g3 e5 3. Nd2 Nf6 4. Bg2 Be7 5. e3 Nc6 6. Ne2 O-O 7. b3 Be6 8. Bb2 Re8 9. Nf3 Bd6 10. O-O Qc8 11. Ng5 Bd7 12. f4 h6 13. fxe5 Bxe5 14. Bxe5 Rxe5 15. Nf3 Rxe3 16. Qd2 Re8 17. Nfd4 Nxd4 18. Nxd4 c5 19. Ne2 Bh3 20. Nf4 Bxg2 21. Nxg2 Qc6 22. Qf4 Rad8 23. Rae1 Rxe1 24. Rxe1 Qd6 25. Qxd6 Rxd6 26. Re7 Rd7 27. Rxd7 Nxd7 28. Nf4 d4 29. Kf2 Kf8 30. Nd5 f6 31. Kf3 Kf7 32. Ke4 b6 33. b4 g6 34. g4 Ne5 35. h3 Nc6 36. bxc5 bxc5 37. a3 Nd8 38. Nc7 Ne6 39. Na6 Ke7 40. Kd5 Nf4+ 41. Kxc5 Nxh3 42. Kxd4 Nf2 43. g5 hxg5 44. Nc5 g4 45. Ke3 Nd1+ 46. Kf4 f5 47. d4 Nc3 48. Nd3 Kf6 49. Ke3 Nd5+ 50. Kf2 Nc3 51. Ke3 g5 52. Nf2 g3 53. Nh3 f4+ 54. Kd3 f3 55. Ke3 g4 56. Nf4 f2 57. Nh5+ Ke6 58. Nxg3 Kd5 59. Kxf2 Kxd4 60. Nf5+ Ke4 61. Ng3+ 1/2-1/2

[Event "Scarborough CC Jack Frost U1800"]
[Site "Toronto CAN"]
[Date "2012.02.09"]
[Round "6"]
[White "Crnilovic, Grisha"]
[Black "Aghamalian, Leonid"]
[Result "0-1"]
[WhiteElo "1592"]
[BlackElo "1448"]
[PlyCount "60"]
[GameId "2160767909573195"]
[EventDate "2012.01.05"]
[EventType "swiss"]
[EventRounds "6"]
[EventCountry "CAN"]
[SourceTitle "EXT 2022"]
[Source "ChessBase"]
[SourceDate "2021.10.06"]
[SourceVersion "1"]
[SourceVersionDate "2021.10.06"]
[SourceQuality "1"]

1. e4 e5 2. f4 d6 3. Nf3 Nc6 4. Bc4 Be6 5. Bxe6 fxe6 6. O-O Be7 7. fxe5 dxe5 8. c3 Qd3 9. Re1 O-O-O 10. Qb3 Qd6 11. Na3 Nf6 12. d4 Rhf8 13. Nc4 Qd7 14. Nfxe5 Nxe5 15. Nxe5 Qd6 16. h3 Nd7 17. Nf3 Rxf3 18. e5 Nxe5 19. Rxe5 Rf7 20. Qxe6+ Qxe6 21. Rxe6 Rdf8 22. Bd2 Kd7 23. Rae1 Bh4 24. Kh2 Bxe1 25. Rxe1 Rf2 26. Bg5 Re8 27. Rxe8 Kxe8 28. Bh4 Rxb2 29. Bg3 Kd7 30. Be5 g6 0-1

[Event "Scarborough CC Jack Frost U1800"]
[Site "Toronto CAN"]
[Date "2012.02.09"]
[Round "6"]
[White "Gillis, Doug"]
[Black "Tismenko, Dennis"]
[Result "1-0"]
[WhiteElo "1637"]
[BlackElo "1387"]
[PlyCount "57"]
[GameId "2160767909573197"]
[EventDate "2012.01.05"]
[EventType "swiss"]
[EventRounds "6"]
[EventCountry "CAN"]
[SourceTitle "EXT 2022"]
[Source "ChessBase"]
[SourceDate "2021.10.06"]
[SourceVersion "1"]
[SourceVersionDate "2021.10.06"]
[SourceQuality "1"]

1. d4 d5 2. Nc3 e6 3. e4 dxe4 4. Nxe4 Nf6 5. Bg5 Be7 6. Bxf6 Bxf6 7. Nf3 Nc6 8. c3 O-O 9. Bb5 Bd7 10. Nxf6+ Qxf6 11. O-O a6 12. Ba4 b5 13. Bc2 Ne7 14. Qd3 g6 15. Ne5 Bc8 16. Qe4 Nd5 17. f4 Rd8 18. Rae1 Bb7 19. Ng4 Qg7 20. Qe5 Qxe5 21. fxe5 h5 22. Nh6+ Kg7 23. Nxf7 Rf8 24. Ng5 Rxf1+ 25. Rxf1 Ne3 26. Nxe6+ Kh6 27. Rf2 Nxc2 28. Rxc2 Bd5 29. Nxc7 1-0

[Event "Scarborough CC Jack Frost U1800"]
[Site "Toronto CAN"]
[Date "2012.02.09"]
[Round "6"]
[White "Karpik, Steve"]
[Black "Azizi, Hamid"]
[Result "0-1"]
[WhiteElo "1481"]
[BlackElo "1431"]
[PlyCount "88"]
[GameId "2160767909573198"]
[EventDate "2012.01.05"]
[EventType "swiss"]
[EventRounds "6"]
[EventCountry "CAN"]
[SourceTitle "EXT 2022"]
[Source "ChessBase"]
[SourceDate "2021.10.06"]
[SourceVersion "1"]
[SourceVersionDate "2021.10.06"]
[SourceQuality "1"]

1. Nf3 Nf6 2. g3 d5 3. c4 c6 4. cxd5 Nxd5 5. Bg2 Bf5 6. O-O Nd7 7. Nc3 N7b6 8. d3 Bg6 9. Re1 e6 10. a3 Bd6 11. Bd2 O-O 12. Rc1 Rc8 13. Na4 f6 14. Nd4 Nc7 15. Ba5 Be5 16. Bxb6 Bxd4 17. Bxd4 Qxd4 18. Rc4 Qd6 19. Nc5 Rb8 20. b4 Rfe8 21. Qc1 Re7 22. a4 Be8 23. Ne4 Qd8 24. Qc2 e5 25. Rc1 Ne6 26. e3 Nc7 27. b5 Bf7 28. Rc3 Nd5 29. Rc5 Nb4 30. Qe2 Qxd3 31. Qb2 a5 32. bxa6 Nxa6 33. R5c3 Qd8 34. Ra3 Nc7 35. Nc5 Ne6 36. Nxe6 Bxe6 37. Rac3 Rd7 38. Qb4 Rd1+ 39. Rxd1 Qxd1+ 40. Bf1 b5 41. Rd3 Qxa4 42. Qe7 Bd5 43. e4 Qxe4 44. Qd6 Qh1# 0-1

[Event "Scarborough CC Jack Frost U1800"]
[Site "Toronto CAN"]
[Date "2012.02.09"]
[Round "6"]
[White "Liang, Phillip"]
[Black "Xu, Jeffrey"]
[Result "0-1"]
[WhiteElo "1524"]
[BlackElo "1449"]
[PlyCount "126"]
[GameId "2160767909573199"]
[EventDate "2012.01.05"]
[EventType "swiss"]
[EventRounds "6"]
[EventCountry "CAN"]
[SourceTitle "EXT 2022"]
[Source "ChessBase"]
[SourceDate "2021.10.06"]
[SourceVersion "1"]
[SourceVersionDate "2021.10.06"]
[SourceQuality "1"]

1. c4 Nf6 2. Nc3 e6 3. g3 Be7 4. Bg2 O-O 5. d3 d6 6. Nf3 Nbd7 7. O-O c5 8. a3 a6 9. Rb1 Qc7 10. Nd2 Rb8 11. Nce4 Nxe4 12. Nxe4 Nf6 13. b4 cxb4 14. axb4 Nxe4 15. Bxe4 f5 16. Bg2 Bd7 17. h4 Bc6 18. Bxc6 Qxc6 19. Be3 h6 20. b5 axb5 21. cxb5 Qd7 22. Qb3 Kh7 23. Rfc1 Rfc8 24. Qd1 Rxc1 25. Bxc1 Rc8 26. Be3 d5 27. Qa4 Bc5 28. Bxc5 Rxc5 29. d4 Rc4 30. Rb4 Qc7 31. Rxc4 dxc4 32. Kf1 c3 33. Qc2 Qc4 34. Ke1 Qxd4 35. e3 Qc4 36. f3 Qc5 37. Qc1 Qb4 38. Kd1 Qxb5 39. Qxc3 Qf1+ 40. Kd2 Qxf3 41. Qe5 Qd5+ 42. Qxd5 exd5 43. Kd3 b5 44. Kc3 Kg6 45. Kb4 Kh5 46. Kxb5 Kg4 47. Kc5 Kxg3 48. Kxd5 Kxh4 49. Ke5 Kg5 50. e4 fxe4 51. Kxe4 Kg4 52. Ke3 g5 53. Kf2 Kh3 54. Kg1 Kg3 55. Kh1 Kf2 56. Kh2 g4 57. Kh1 h5 58. Kh2 g3+ 59. Kh3 g2 60. Kh4 g1=Q 61. Kxh5 Qg7 62. Kh4 Qg6 63. Kh3 Qh5# 0-1

[Event "Scarborough CC Jack Frost U1800"]
[Site "Toronto CAN"]
[Date "2012.02.09"]
[Round "6"]
[White "Smith, Maurice"]
[Black "Azmitia, Gabriel"]
[Result "1/2-1/2"]
[WhiteElo "1475"]
[BlackElo "1577"]
[PlyCount "77"]
[GameId "2160767909573200"]
[EventDate "2012.01.05"]
[EventType "swiss"]
[EventRounds "6"]
[EventCountry "CAN"]
[SourceTitle "EXT 2022"]
[Source "ChessBase"]
[SourceDate "2021.10.06"]
[SourceVersion "1"]
[SourceVersionDate "2021.10.06"]
[SourceQuality "1"]

1. d4 d5 2. c4 c6 3. cxd5 cxd5 4. Nc3 e6 5. Nf3 a6 6. Bf4 Be7 7. e3 Nf6 8. Bd3 O-O 9. O-O Nc6 10. a3 Bd7 11. Rc1 Rc8 12. h3 b5 13. b4 h6 14. Qd2 Na7 15. Ne5 Be8 16. Rc2 Bd6 17. Rfc1 Bxe5 18. Bxe5 Nc6 19. Bh2 Bd7 20. Bd6 Re8 21. Qd1 e5 22. Bxe5 Nxe5 23. dxe5 Rxe5 24. Qf3 Bc6 25. Qf4 Re8 26. Bf5 Bd7 27. Bd3 Re6 28. Qf3 Rd6 29. Qg3 Be6 30. Qf3 Rdc6 31. Qd1 Kh8 32. Ne2 Rxc2 33. Rxc2 g5 34. Nd4 Kg7 35. Qc1 Rxc2 36. Qxc2 Qc8 37. Qxc8 Bxc8 38. Nc6 Ne4 39. Bxe4 1/2-1/2

[Event "Scarborough CC Jack Frost U1800"]
[Site "Toronto CAN"]
[Date "2012.02.09"]
[Round "6"]
[White "Song, Eric"]
[Black "Yie, Kevin Yi Xiao"]
[Result "0-1"]
[WhiteElo "1644"]
[BlackElo "1573"]
[PlyCount "114"]
[GameId "2160767909573201"]
[EventDate "2012.01.05"]
[EventType "swiss"]
[EventRounds "6"]
[EventCountry "CAN"]
[SourceTitle "EXT 2022"]
[Source "ChessBase"]
[SourceDate "2021.10.06"]
[SourceVersion "1"]
[SourceVersionDate "2021.10.06"]
[SourceQuality "1"]

1. e4 e5 2. Nf3 Nc6 3. Bb5 a6 4. Ba4 Nf6 5. O-O b5 6. Bb3 Bb7 7. Re1 Be7 8. c3 d6 9. d4 exd4 10. cxd4 O-O 11. Nbd2 Na5 12. Bc2 c5 13. Nf1 Nc6 14. Ng3 Rb8 15. Bg5 h6 16. Bf4 Rc8 17. Nf5 Re8 18. Bxh6 gxh6 19. Nxh6+ Kg7 20. Ng5 Rf8 21. Nf5+ Kg8 22. Qf3 Nxd4 23. Nxd4 cxd4 24. Bd3 Rc7 25. Qg3 Nh5 26. Qh3 Bxg5 27. Qxh5 Qf6 28. e5 Qh6 29. Qg4 Bc8 30. e6 Bxe6 31. Qf3 Qf6 32. Qe4 Qg7 33. f4 Bf6 34. Qf3 Bc4 35. Rac1 Rfc8 36. Qh3 Be6 37. Rxc7 Bxh3 38. Rxc8+ Bxc8 39. Re8+ Qf8 40. Rxf8+ Kxf8 41. b3 b4 42. h3 Bh4 43. g4 a5 44. Kg2 Bb7+ 45. Kf1 f6 46. Kg1 Bf3 47. Kf1 d5 48. Be2 Be4 49. Bb5 Bb1 50. Bc6 Bxa2 51. Bxd5 a4 52. Ke2 Bxb3 53. Be4 a3 54. Bb1 a2 55. Bxa2 Bxa2 56. Kd3 b3 57. Kd2 b2 0-1